000 01012njm a2200301Ia 4500
001 D3622
003 IT-RoPAU
005 20220918181147.0
008 131025s9999 xx 000 0 und d
040 _aIT-RoPAU
040 _cIT-RoPAU
041 _aITALIANO
999 _c101730
_d101730
999 _bn.d.
100 _aBelli Roberto
_930858
100 _eAutore musica
_930859
100 _gCodice autore musica SPICS: 44783
_930860
245 _aLiberi liberi
250 _a1a ed.
260 _aROMA
260 _bEP - MUSICALI E DISCOGRAFICHE
_c1995 [1a Ed.:1995 - Ed. Lingua Orig.: 1995]
300 _aMUSICASSETTA
300 _c45 minuti (Testo: pag.)
500 _aMusica religiosa. Basi musicali.
505 _aVoglio la libertà - Chi pecora si fa - Libera - Libertà non ce n'è - Che cos'è la libertà - Liberi liberi.
650 _aRELIGIOSO [CASSETTE]
_eCodice MATERIA SPICS: 9951
_9785
700 _aLasconi Tonino
_eAutore testo e musica
_gCodice autore testo/musica SPICS: 4842
_930861
942 _cMC
_2ddc